00782nam a2200229Ia 4500008004100000020001500041040001800056041000800074100002100082245012700103260003700230300001800267490003300285504005400318650003500372650002900407650001600436650002100452650003100473700002500504700002300529130821s1985 sp gr spa  a842062330X aCo-BoUCMbspa00aspa1 aNovak, Joseph D.10aTeoría y práctica de la educacióncJoseph D. Novak ; versión española de Cristina del Barrio y Celina González aMadrid (España)bAlianzac1985 a275 páginas aAlianza universidad, No. 330 aReferencias bibliográficas al final del volumen04aCiencias socialesxEnseñanza04aEducaciónxEnseñanza04aPedagogía04aPsicopedagogía04aTeoría de la educación1 aBarrio, Cristina Del1 aGonzález, Celina